| 000 | 00992nam1a22002771 4500 | ||
|---|---|---|---|
| 001 | v19\rc\1578580 | ||
| 005 | 20061002105259.0 | ||
| 035 | _a(NLR Aleph) 004706003 | ||
| 090 |
_a4133804 _c4133804 |
||
| 100 | _a20061002e18931893|||y0rusy50 ca | ||
| 101 | 0 | _arus | |
| 102 | _aRU | ||
| 105 | _ay z ||||| | ||
| 200 | 1 |
_aСлово... _fПрот. Михаил Павловский |
|
| 210 |
_a[Одесса] _c"Слав." тип. Е. Хрисогелос _d1893 |
||
| 300 | _aАвт. указан в конце текста | ||
| 309 | _aБез тит. л. и обл. | ||
| 311 | _aИз "Херсон. епарх. вед." №№ 4-6, 1893 г. | ||
| 488 | 0 | _12001#$aХерсонские епархиальные ведомости$v1893, № 4-6 | |
| 700 | 1 |
_aПавловский _bМ. К. _f1810-1898 _gМихаил Карпович |
|
| 801 | 0 |
_aRU _bNLR _gpsbo |
|
| 801 | 0 |
_aRU _bRuMoRGB _2psbo |
|
| 801 | 1 |
_aRU _bProSoft-M _2rusmarc |
|
| 852 |
_aNLR _j18.181.5.509 |
||
| 942 | _cBOOK | ||
| 980 | _aNB | ||